000 01228nam0a22002771 4500
001 rc\207175
005 20030307114151.1
010 _a5-88139-029-6
_9500
035 _a(NLR Aleph) 005458447
090 _a4932011
_c4932011
100 _a20030307d1995 u |0rusy50 ca
101 0 _arus
102 _aRU
105 _ay |||||||||
200 1 _aЦАРСТВЕННАЯ свобода. О творчестве И.А. Бунина
_eМежвуз. сб. науч. тр.
_eК 125-летию со дня рождения писателя
_fКом. по науке и высш. шк. администрации Воронеж. обл., Воронеж. гос. ун-т
_g[Редкол.: проф. Е.Г. Мущенко (отв. ред.) и др.]
210 _aВоронеж
_cКвадрат
_d1995
215 _a168 с.
320 _aБиблиогр. в конце ст.
600 1 _aБунин
_bИ.А.
_gИван Алексеевич
_f1870-1953
_2psbo
702 1 _aМущенко
_bЕ. Г.
_f1945-
_gЕкатерина Григорьевна
_4340
712 0 2 _aВоронежский ун-т
_3RU\NLR\AUTH\889921742
801 0 _aRU
_bNLR
_gpsbo
801 1 _aRU
_bELAR
_2rusmarc
852 _aNLR
_j96-3/7334
942 _cBOOK
980 _aNB